[Event "VI Open"]
[Site "Crema ITA"]
[Date "2004.09.05"]
[Round "5"]
[White "Mussap, Angelo"]
[Black "Milanesi, Erminio"]
[Result "1-0"]
[WhiteElo "1922"]
[BlackElo "1634"]
[PlyCount "83"]
[EventDate "2004.09.03"]

1. c4 g6 2. Nc3 Bg7 3. d4 d6 4. e4 Nh6 5. h3 f6 6. Be3 Nf7 7. Bd3 c6 8. Nge2 e5
9. d5 O-O 10. Qd2 Na6 11. Rd1 c5 12. O-O Nc7 13. Ng3 Qe7 14. Kh1 Bd7 15. Nce2
b5 16. Qa5 bxc4 17. Bxc4 Rfc8 18. Qd2 a5 19. b3 Bb5 20. Rb1 a4 21. Nc3 Bxc4 22.
bxc4 Qd7 23. Rb7 Nd8 24. Rb6 Rab8 25. Rfb1 Rxb6 26. Rxb6 Na8 27. Ra6 a3 28. Nb5
Bf8 29. Qa5 Nb7 30. Qxa3 Nc7 31. Nxc7 Qxc7 32. Ne2 f5 33. Nc3 f4 34. Bd2 f3 35.
g3 Qd7 36. Kh2 Be7 37. Nb5 g5 38. Ra8 g4 39. Rxc8+ Qxc8 40. Qe3 Qd7 41. Qh6 Nd8
42. Qh5 1-0

[Event "VI Open"]
[Site "Crema ITA"]
[Date "2004.09.05"]
[Round "5"]
[White "Pampaluna, Enrico"]
[Black "Riva, Carlo"]
[Result "0-1"]
[WhiteElo "1440"]
[BlackElo "1676"]
[PlyCount "58"]
[EventDate "2004.09.03"]

1. d4 d5 2. e3 c6 3. Nf3 Nf6 4. Bd3 Bg4 5. Nbd2 e6 6. c3 Bxf3 7. Qxf3 Bd6 8.
O-O O-O 9. e4 dxe4 10. Nxe4 Nxe4 11. Qxe4 g6 12. h4 Nd7 13. Bg5 Be7 14. Bh6 Nf6
15. Qe5 Bd6 16. Qg5 Re8 17. g4 Be7 18. Qe5 Qd6 19. f3 Qxe5 20. dxe5 Nd7 21.
Rfe1 Bxh4 22. Re2 Bg3 23. f4 Bh4 24. Re3 Be7 25. Rf1 Rad8 26. Bc2 Bc5 27. Rff3
Nb6 28. Kg2 Bxe3 29. Rxe3 Rd2+ 0-1

[Event "VI Open"]
[Site "Crema ITA"]
[Date "2004.09.05"]
[Round "5"]
[White "Panizzi, Giuseppe"]
[Black "Martino, Antonio M."]
[Result "0-1"]
[WhiteElo "2091"]
[BlackElo "2101"]
[PlyCount "94"]
[EventDate "2004.09.03"]

1. d4 Nf6 2. Nf3 g6 3. c4 Bg7 4. Nc3 d5 5. Bf4 c5 6. dxc5 Be6 7. Nd4 O-O 8.
Nxe6 fxe6 9. e3 Qa5 10. Qa4 Qxc5 11. Qb5 Qxb5 12. Nxb5 Na6 13. Be2 Ne4 14. Rb1
Nxf2 15. Kxf2 e5 16. cxd5 exf4 17. e4 Be5 18. Kf3 Nc5 19. Na3 Kg7 20. Nc4 Kf6
21. Rhd1 Rfd8 22. b4 Na4 23. Rb3 Rac8 24. Ra3 Nc3 25. Nxe5 Kxe5 26. Re1 Nxe2
27. Rxe2 a6 28. Ra5 Rc3+ 29. Kf2 Rdc8 30. d6+ Kxd6 31. Rd2+ Ke6 32. g3 fxg3+
33. hxg3 Rf8+ 34. Kg2 Rff3 35. Rg5 Rfe3 36. b5 Rxe4 37. bxa6 bxa6 38. Ra5 Rc6
39. Kf3 Re5 40. Ra3 Kf6 41. Rd7 h5 42. Ra7 Ree6 43. Kg2 g5 44. Kh3 Kg6 45. g4
h4 46. Ra8 Kg7 47. Ra7 Re2 0-1

[Event "VI Open"]
[Site "Crema ITA"]
[Date "2004.09.05"]
[Round "5"]
[White "Pelagatti, Alessandro"]
[Black "Castrogiovanni, Carlo"]
[Result "0-1"]
[WhiteElo "2087"]
[BlackElo "2109"]
[PlyCount "79"]
[EventDate "2004.09.03"]

1. d4 Nf6 2. c4 c5 3. d5 b5 4. Nf3 d6 5. cxb5 a6 6. b6 Nbd7 7. Nc3 g6 8. e4 Bg7
9. a4 Qxb6 10. Be2 O-O 11. Nd2 Qc7 12. Nc4 Nb6 13. Ne3 e5 14. a5 Nbd7 15. O-O
Re8 16. Nc4 Kh8 17. Qa4 Bb7 18. Qc2 Ng8 19. Ra3 Ne7 20. f4 f5 21. fxe5 Nxe5 22.
Nb6 Rad8 23. Bg5 fxe4 24. Qxe4 Rf8 25. Qh4 Rxf1+ 26. Bxf1 Re8 27. Ne2 Nf5 28.
Qa4 Rf8 29. Nf4 Nd4 30. Ne6 Nxe6 31. dxe6 Bc6 32. Qd1 Rf5 33. Bd2 Qe7 34. Bxa6
Qxe6 35. Bc8 Nd7 36. Bxd7 Bd4+ 37. Kh1 Bxg2+ 38. Kxg2 Rf2+ 39. Kg3 Qe5+ 40. Kg4
0-1

[Event "VI Open"]
[Site "Crema ITA"]
[Date "2004.09.05"]
[Round "5"]
[White "Rizzi, Pietro"]
[Black "Abbiati, Gianluigi"]
[Result "1/2-1/2"]
[WhiteElo "1450"]
[BlackElo "1593"]
[PlyCount "66"]
[EventDate "2004.09.03"]

1. e4 c5 2. c3 d6 3. Nf3 Nf6 4. d3 e5 5. Be2 a6 6. Bg5 Nbd7 7. Nbd2 b5 8. O-O
Be7 9. a4 Bb7 10. axb5 axb5 11. Rxa8 Bxa8 12. Qb3 Bc6 13. Ra1 Qb6 14. Qc2 O-O
15. b4 Ra8 16. Rxa8+ Bxa8 17. h3 h6 18. Be3 d5 19. Qa2 Bc6 20. Nb3 d4 21. Bd2
c4 22. Na5 cxd3 23. Nxc6 Qxc6 24. Bxd3 dxc3 25. Bc1 Nxe4 26. Qe2 Nef6 27. Nxe5
Nxe5 28. Qxe5 Qd6 29. Qxc3 Qxb4 30. Qxb4 Bxb4 31. Bxb5 Ne4 32. Bc6 Nc3 33. Bb2
Kh7 1/2-1/2

[Event "VI Open"]
[Site "Crema ITA"]
[Date "2004.09.05"]
[Round "5"]
[White "Vecchia, Mario"]
[Black "Santandrea, Marco"]
[Result "1/2-1/2"]
[WhiteElo "2073"]
[BlackElo "1775"]
[PlyCount "38"]
[EventDate "2004.09.03"]

1. e4 c6 2. d4 d5 3. Nc3 dxe4 4. Bc4 e6 5. Nxe4 Be7 6. Nf3 Nf6 7. Qe2 Nbd7 8.
O-O Nxe4 9. Qxe4 Nf6 10. Qe2 O-O 11. Bf4 b6 12. Rfe1 Nd5 13. Bg3 c5 14. Rad1
Bb7 15. Bd3 cxd4 16. Nxd4 Qc8 17. c3 Bc5 18. Nb3 Nf6 19. Nxc5 Qxc5 1/2-1/2

[Event "VI Open"]
[Site "Crema ITA"]
[Date "2004.09.05"]
[Round "6"]
[White "Abbiati, Gianluigi"]
[Black "Folcini, Gaddo"]
[Result "1-0"]
[WhiteElo "1593"]
[BlackElo "1400"]
[PlyCount "93"]
[EventDate "2004.09.03"]

1. e4 e5 2. Nf3 d5 3. exd5 Bg4 4. h3 Bxf3 5. Qxf3 Nf6 6. Bb5+ Nbd7 7. c4 e4 8.
Qe3 Bc5 9. Qxc5 c6 10. Bxc6 bxc6 11. Qxc6 O-O 12. O-O Ne5 13. Qc5 Qd7 14. d3
Nxd3 15. Qe3 Rae8 16. b3 Re5 17. f3 Qf5 18. Nd2 exf3 19. Qxf3 Qg6 20. Ba3 Rfe8
21. Ne4 Rxe4 22. Qxd3 Nh5 23. Kh2 Qg5 24. Qf3 Qe5+ 25. Kg1 Rf4 26. Qd3 Re4 27.
Qf3 Nf4 28. Kh1 f6 29. d6 Ne2 30. Rfd1 Re3 31. Qd5+ Qxd5 32. Rxd5 Nf4 33. Rdd1
Re2 34. Rg1 Rd2 35. Bc1 Rxd6 36. Bxf4 Rd4 37. Bh2 Red8 38. Rac1 Rd2 39. c5 Rxa2
40. c6 Rb2 41. c7 Rc8 42. Rgd1 Rxc7 43. Rxc7 h6 44. Rdd7 Rxb3 45. Rxg7+ Kf8 46.
Bd6+ Ke8 47. Rg8# 1-0

[Event "VI Open"]
[Site "Crema ITA"]
[Date "2004.09.05"]
[Round "6"]
[White "Annoni, Riccardo"]
[Black "Corti, Massimo"]
[Result "1/2-1/2"]
[WhiteElo "2086"]
[BlackElo "1997"]
[PlyCount "31"]
[EventDate "2004.09.03"]

1. d4 e6 2. Nd2 Nf6 3. Ngf3 b6 4. e3 Bb7 5. Bd3 Be7 6. O-O d5 7. Ne5 O-O 8. f4
Nbd7 9. Qf3 c5 10. c3 Ne8 11. g4 f5 12. Qh3 Nd6 13. Ndf3 Ne4 14. g5 Nxe5 15.
Nxe5 Bd6 16. Nf3 1/2-1/2

[Event "VI Open"]
[Site "Crema ITA"]
[Date "2004.09.05"]
[Round "6"]
[White "Barberi, Alessandro"]
[Black "Bonazzi, Edoardo"]
[Result "0-1"]
[WhiteElo "2162"]
[BlackElo "2115"]
[PlyCount "52"]
[EventDate "2004.09.03"]

1. d4 Nf6 2. c4 c5 3. Nf3 cxd4 4. Nxd4 Nc6 5. Nc3 g6 6. e4 d6 7. Be2 Bg7 8. Nc2
O-O 9. O-O a6 10. Be3 Rb8 11. Rb1 Be6 12. h3 Na5 13. b3 b5 14. cxb5 axb5 15.
Nxb5 Nxe4 16. Ncd4 Bd7 17. Qc2 d5 18. f3 Ng3 19. Bf4 Nxe2+ 20. Qxe2 Bxb5 21.
Nxb5 Qb6+ 22. Kh1 Qxb5 23. Qxe7 Nc6 24. Qh4 Rbd8 25. Qg3 Nd4 26. Bd6 Nf5 0-1

[Event "VI Open"]
[Site "Crema ITA"]
[Date "2004.09.05"]
[Round "6"]
[White "Bettini, Massimo"]
[Black "Panizzi, Giuseppe"]
[Result "0-1"]
[WhiteElo "1829"]
[BlackElo "2091"]
[PlyCount "88"]
[EventDate "2004.09.03"]

1. e4 c5 2. d4 cxd4 3. c3 dxc3 4. Nxc3 d6 5. Bc4 e6 6. Nf3 Nc6 7. Qe2 a6 8. O-O
Nf6 9. Rd1 Qc7 10. Bf4 Ne5 11. Bb3 Nxf3+ 12. Qxf3 Be7 13. Rac1 Qb8 14. Bg5 O-O
15. h4 h6 16. Bf4 e5 17. Be3 Bg4 18. Qg3 Bxd1 19. Rxd1 Kh7 20. Qf3 b5 21. g4
Qc8 22. Nd5 Bd8 23. Nxf6+ Bxf6 24. Bd5 Bxh4 25. Bxa8 Qxa8 26. Rxd6 Rd8 27. Rd5
Kg8 28. Rxe5 Bf6 29. Rf5 Re8 30. Rd5 Bxb2 31. Rd7 Bf6 32. Bxh6 Qxe4 33. Qxe4
Rxe4 34. f3 Ra4 35. Be3 Ra3 36. Kf2 Rxa2+ 37. Rd2 Rxd2+ 38. Bxd2 Bd4+ 39. Ke2
Kf8 40. Kd3 Bc5 41. Ba5 Ke7 42. Bc3 f6 43. g5 Ke6 44. Bd2 Kd5 0-1

[Event "VI Open"]
[Site "Crema ITA"]
[Date "2004.09.05"]
[Round "6"]
[White "Biava, Pierluigi"]
[Black "Casartelli, Fabio"]
[Result "1/2-1/2"]
[WhiteElo "1706"]
[BlackElo "1811"]
[PlyCount "152"]
[EventDate "2004.09.03"]

1. d4 Nf6 2. e3 g6 3. Nc3 Bg7 4. h3 b6 5. Nge2 Bb7 6. b3 Na6 7. Ba3 d6 8. Qd2
c5 9. dxc5 bxc5 10. O-O-O O-O 11. Nf4 Nb4 12. Bb2 Qa5 13. a3 Nc6 14. Rg1 Ne5
15. Nfd5 Bxd5 16. Nxd5 Qxd2+ 17. Rxd2 Nxd5 18. Rxd5 Rfd8 19. f4 Nd7 20. g4 Nb6
21. Rd2 Rac8 22. Bxg7 Kxg7 23. f5 c4 24. b4 d5 25. Bg2 gxf5 26. gxf5 Kf6 27. h4
Rg8 28. Rgd1 c3 29. Rf2 Nc4 30. Re1 Rg3 31. Bxd5 Nxe3 32. Be4 Rcg8 33. Kb1 Rg1
34. Rxg1 Rxg1+ 35. Ka2 Ke5 36. Bd3 Rh1 37. Rf3 Nd5 38. Bc4 Rxh4 39. Bxd5 Kxd5
40. Rxc3 Rc4 41. Rd3+ Ke5 42. Kb3 Rf4 43. c4 Rxf5 44. c5 Rg5 45. Ka4 f5 46. c6
Rg8 47. Kb5 f4 48. c7 Rc8 49. Kc6 Ke4 50. Rd7 e5 51. Rxh7 f3 52. Kd7 Rf8 53.
c8=Q Rxc8 54. Kxc8 f2 55. Rf7 Ke3 56. b5 Ke2 57. Kb7 f1=Q 58. Rxf1 Kxf1 59.
Kxa7 e4 60. b6 e3 61. b7 e2 62. b8=Q e1=Q 63. Qb5+ Kg2 64. a4 Qe3+ 65. Qb6 Qe8
66. a5 Kf3 67. Qb7+ Ke3 68. Qb8 Qd7+ 69. Qb7 Qe8 70. a6 Kd4 71. Qc7 Kd5 72. Kb7
Qb5+ 73. Ka7 Qe8 74. Qb7+ Kc5 75. Qb6+ Kd5 76. Qc7 Qa4 1/2-1/2

[Event "VI Open"]
[Site "Crema ITA"]
[Date "2004.09.05"]
[Round "6"]
[White "Bonugli, Carlo"]
[Black "Mussap, Angelo"]
[Result "1/2-1/2"]
[WhiteElo "2046"]
[BlackElo "1922"]
[PlyCount "103"]
[EventDate "2004.09.03"]

1. e4 c5 2. Nc3 Nc6 3. g3 d6 4. Bg2 g6 5. d3 Bg7 6. f4 Nf6 7. Nf3 Bg4 8. Ne2 e6
9. Be3 c4 10. O-O O-O 11. h3 Bxf3 12. Bxf3 cxd3 13. cxd3 Qd7 14. g4 Rfc8 15.
Qd2 a5 16. f5 Nb4 17. Nc3 exf5 18. exf5 gxf5 19. g5 Ne8 20. a3 Nc6 21. Nd5 Ne5
22. Bg2 Ra6 23. Nb6 Rxb6 24. Bxb6 Qb5 25. Qxa5 Qxd3 26. Qd5 Qxd5 27. Bxd5 Nd7
28. Be3 Bxb2 29. Rab1 Bxa3 30. Rxb7 Ne5 31. Rxf5 Nc7 32. Bb3 Ne6 33. Rf6 Rc3
34. Bxe6 Rxe3 35. Bxf7+ Nxf7 36. Rfxf7 Rg3+ 37. Kf1 Rxg5 38. Rxh7 d5 39. h4
Rf5+ 40. Ke2 Bf8 41. Ke3 Bc5+ 42. Kd3 Rf3+ 43. Ke2 Rf2+ 44. Ke1 Ra2 45. Rh5 Rh2
46. Rxd5 Bf2+ 47. Kf1 Bxh4 48. Kg1 Re2 49. Rh5 Be1 50. Ra5 Kf8 51. Kf1 Bxa5 52.
Kxe2 1/2-1/2

[Event "VI Open"]
[Site "Crema ITA"]
[Date "2004.09.05"]
[Round "6"]
[White "Borboni, Paolo"]
[Black "Franco, Antonello"]
[Result "1/2-1/2"]
[WhiteElo "1705"]
[BlackElo "1829"]
[PlyCount "80"]
[EventDate "2004.09.03"]

1. e4 e5 2. Nf3 Nc6 3. Bb5 a6 4. Bxc6 bxc6 5. O-O d6 6. d4 exd4 7. Nxd4 c5 8.
Nb3 Be7 9. c4 Nf6 10. Nc3 O-O 11. f4 Re8 12. f5 Bb7 13. Re1 Nd7 14. Na5 Qc8 15.
Nxb7 Qxb7 16. b3 Bf6 17. Bb2 Bd4+ 18. Kh1 Nf6 19. Qf3 Re5 20. Re2 Rae8 21. Rae1
Qa8 22. Nd5 Nxd5 23. Bxd4 cxd4 24. exd5 Qd8 25. Rxe5 Rxe5 26. Rxe5 dxe5 27. Qe4
f6 28. Kg1 Qd6 29. Kf2 Qb4 30. Ke2 Kf7 31. Qd3 Ke7 32. Qc2 Kd6 33. Qb2 a5 34.
a3 Qc5 35. Kd3 Qb6 36. b4 axb4 37. Qxb4+ Kd7 38. Qxb6 cxb6 39. g4 Kd6 40. a4
Kc5 1/2-1/2

[Event "VI Open"]
[Site "Crema ITA"]
[Date "2004.09.05"]
[Round "6"]
[White "Castrogiovanni, Carlo"]
[Black "Braghetta, Sergio"]
[Result "0-1"]
[WhiteElo "2109"]
[BlackElo "2289"]
[PlyCount "87"]
[EventDate "2004.09.03"]

1. Nf3 Nf6 2. c4 g6 3. Nc3 Bg7 4. g3 O-O 5. Bg2 c5 6. d4 d6 7. O-O Nc6 8. e4
Bg4 9. dxc5 dxc5 10. Be3 Nd7 11. Qb3 Bxf3 12. Bxf3 Nd4 13. Bxd4 cxd4 14. Nd5 e6
15. Nf4 Qc7 16. Be2 Nc5 17. Qc2 a5 18. Rab1 Bh6 19. Ng2 Rfd8 20. Rfd1 e5 21.
Ne1 Ra6 22. a3 a4 23. Nd3 Nxd3 24. Bxd3 Rc8 25. b4 axb3 26. Rxb3 Rca8 27. Qb2
R8a7 28. Ra1 Bf8 29. Kf1 Bc5 30. a4 b6 31. Qc2 Qd7 32. Rb5 Qc6 33. Be2 f5 34.
Bf3 f4 35. g4 Qf6 36. Kg2 Qh4 37. Ra2 Qd8 38. Bd1 Rf7 39. f3 h5 40. Qd3 Rh7 41.
Rf2 Qh4 42. Kg1 hxg4 43. Rg2 g3 44. Rbb2 0-1

[Event "VI Open"]
[Site "Crema ITA"]
[Date "2004.09.05"]
[Round "6"]
[White "Conca, Mauro"]
[Black "Pampaluna, Enrico"]
[Result "1-0"]
[WhiteElo "1646"]
[BlackElo "1440"]
[PlyCount "73"]
[EventDate "2004.09.03"]

1. d4 d5 2. e3 c5 3. c3 c4 4. Nd2 Nf6 5. Be2 Bf5 6. h3 Nbd7 7. b3 b5 8. Bf3 Ne4
9. Nxe4 Bxe4 10. bxc4 Bxf3 11. Qxf3 dxc4 12. Ne2 e6 13. Rb1 a6 14. O-O Be7 15.
Ng3 O-O 16. e4 e5 17. Be3 Qa5 18. Ne2 Qxa2 19. Ra1 Qb2 20. Rfb1 Qc2 21. Rc1 Qb2
22. Ng3 g6 23. Qd1 Bf6 24. Ne2 Bg7 25. Rcb1 Qxb1 26. Qxb1 exd4 27. Bxd4 Bxd4
28. Nxd4 Nc5 29. Qc2 Nd3 30. Ra5 Ra7 31. Nxb5 Rb7 32. Nd4 Rfb8 33. Rxa6 Nc1 34.
Qa4 Rc8 35. Ra8 Rxa8 36. Qxa8+ Kg7 37. Qxb7 1-0

[Event "VI Open"]
[Site "Crema ITA"]
[Date "2004.09.05"]
[Round "6"]
[White "Damia, Angelo"]
[Black "Gromovs, Sergejs"]
[Result "1/2-1/2"]
[WhiteElo "2129"]
[BlackElo "2341"]
[PlyCount "59"]
[EventDate "2004.09.03"]

1. e4 e5 2. Bc4 Nf6 3. Nc3 Nc6 4. d3 Bb4 5. Nge2 d6 6. a3 Bc5 7. Na4 O-O 8.
Nxc5 dxc5 9. O-O Nd4 10. Nxd4 Qxd4 11. Be3 Qd6 12. h3 Be6 13. Bxe6 fxe6 14. f4
exf4 15. Rxf4 Rad8 16. Qe2 e5 17. Rf3 c4 18. dxc4 Nxe4 19. Rxf8+ Rxf8 20. Bxa7
Ng3 21. Qd3 Qxd3 22. cxd3 Ne2+ 23. Kh2 Nf4 24. Re1 b6 25. c5 Nxd3 26. cxb6 Nxe1
27. b7 Nd3 28. b8=Q Rxb8 29. Bxb8 Nxb2 30. Bxc7 1/2-1/2

[Event "VI Open"]
[Site "Crema ITA"]
[Date "2004.09.05"]
[Round "6"]
[White "Distratis, Gianluca"]
[Black "Faraoni, Enrico"]
[Result "0-1"]
[WhiteElo "1814"]
[BlackElo "2178"]
[PlyCount "36"]
[EventDate "2004.09.03"]

1. e4 c5 2. c3 e6 3. d4 d5 4. exd5 exd5 5. Nf3 Nc6 6. Bb5 Bd6 7. dxc5 Bxc5 8.
O-O Nge7 9. Nbd2 O-O 10. Nb3 Bb6 11. Bg5 Qd6 12. Re1 f6 13. Bh4 Nf5 14. Bg3
Nxg3 15. hxg3 Bg4 16. Qd3 Ne5 17. Qd1 Nxf3+ 18. gxf3 Qxg3+ 0-1

[Event "VI Open"]
[Site "Crema ITA"]
[Date "2004.09.05"]
[Round "6"]
[White "Faccio, Fabio"]
[Black "Gualtieri, Primo"]
[Result "1-0"]
[WhiteElo "1811"]
[BlackElo "1574"]
[PlyCount "47"]
[EventDate "2004.09.03"]

1. e4 c5 2. Nf3 Nc6 3. d4 cxd4 4. Nxd4 Nf6 5. Nc3 e5 6. Ndb5 d6 7. Nd5 Nxd5 8.
exd5 Ne7 9. c3 Ng6 10. Bd3 Be7 11. O-O O-O 12. Be3 b6 13. Re1 a6 14. Na3 b5 15.
Nc2 Bg5 16. Nb4 f5 17. g3 f4 18. gxf4 Bxf4 19. Qh5 Bxe3 20. Rxe3 Qd7 21. Rf1
Bb7 22. Bf5 Qd8 23. Rf3 e4 24. Rh3 1-0

[Event "VI Open"]
[Site "Crema ITA"]
[Date "2004.09.05"]
[Round "6"]
[White "Mansueti, Marco"]
[Black "Pelagatti, Alessandro"]
[Result "0-1"]
[WhiteElo "1694"]
[BlackElo "2087"]
[PlyCount "57"]
[EventDate "2004.09.03"]

1. d4 g6 2. c4 Nf6 3. Nc3 Bg7 4. e4 d6 5. Nf3 O-O 6. Be2 e5 7. d5 a5 8. O-O Na6
9. h3 Nh5 10. Be3 Nf4 11. Qd2 g5 12. Bxf4 gxf4 13. a3 Nc5 14. Bd1 a4 15. Bc2
Kh8 16. Kh2 Bd7 17. Qd1 Rg8 18. Rg1 Bf6 19. g3 Qf8 20. gxf4 exf4 21. Rxg8+ Kxg8
22. Qg1+ Kh8 23. Re1 Qh6 24. Qf1 Qh5 25. Bd1 Nd3 26. Ng1 f3 27. Qxd3 Be5+ 28.
Kh1 Bxh3 29. Nxf3 0-1

[Event "VI Open"]
[Site "Crema ITA"]
[Date "2004.09.05"]
[Round "6"]
[White "Martino, Antonio M."]
[Black "Ficco, Corrado"]
[Result "1/2-1/2"]
[WhiteElo "2101"]
[BlackElo "2145"]
[PlyCount "53"]
[EventDate "2004.09.03"]

1. Nf3 Nf6 2. g3 d5 3. Bg2 c5 4. O-O Nc6 5. d4 e6 6. c4 Be7 7. Nc3 dxc4 8. Qa4
cxd4 9. Nxd4 Qxd4 10. Bxc6+ Bd7 11. Bxd7+ Qxd7 12. Qxc4 Rc8 13. Qb3 O-O 14. Be3
Bc5 15. Bxc5 Rxc5 16. Rfd1 Qc6 17. Rd4 e5 18. Rd2 e4 19. e3 Ng4 20. Rad1 Nxh2
21. Rd6 Qc8 22. Rd7 Nf3+ 23. Kg2 Ne5 24. R7d5 Rxd5 25. Qxd5 Nc6 26. Qxe4 Re8
27. Qc4 1/2-1/2

[Event "VI Open"]
[Site "Crema ITA"]
[Date "2004.09.05"]
[Round "6"]
[White "Miladinovic, Igor"]
[Black "Cocozza, Mario"]
[Result "1-0"]
[WhiteElo "2630"]
[BlackElo "2338"]
[PlyCount "113"]
[EventDate "2004.09.03"]

1. d4 Nf6 2. Bg5 c5 3. Nc3 Qa5 4. Bxf6 gxf6 5. dxc5 Bg7 6. Qd2 Qxc5 7. a4 b6 8.
Ra3 Bb7 9. Nb5 a6 10. Rc3 axb5 11. Rxc5 bxc5 12. e3 Rxa4 13. Qc1 f5 14. Ne2 b4
15. Qb1 Nc6 16. Nf4 O-O 17. Bb5 Ra5 18. Bxc6 Bxc6 19. O-O Rfa8 20. c3 e6 21.
Nh5 Bh8 22. Qd3 h6 23. h3 bxc3 24. bxc3 c4 25. Qd2 Rd5 26. Qc1 Kh7 27. Nf4 Rda5
28. Ne2 Be4 29. Rd1 Rg8 30. Ng3 Bd3 31. Qb2 Be5 32. Kh2 Rb8 33. Qd2 Rb3 34. Rc1
Raa3 35. Qd1 f4 36. exf4 Bxf4 37. Qf3 Bxg3+ 38. fxg3 f5 39. Qh5 Ra2 40. Qf7+
Kh8 41. Qe8+ Kg7 42. Qxd7+ Kf8 43. g4 Rbb2 44. Rg1 Be4 45. Kg3 Rxg2+ 46. Rxg2
Rxg2+ 47. Kf4 Re2 48. Qxe6 Bd3 49. Qxh6+ Kf7 50. Qh7+ Ke6 51. gxf5+ Kd6 52.
Qh6+ Kd5 53. Kg5 Rg2+ 54. Kf6 Rf2 55. Qg5 Rxf5+ 56. Qxf5+ Bxf5 57. Kxf5 1-0

[Event "VI Open"]
[Site "Crema ITA"]
[Date "2004.09.05"]
[Round "6"]
[White "Milanesi, Erminio"]
[Black "Bozuffi, Italo"]
[Result "0-1"]
[WhiteElo "1634"]
[BlackElo "1739"]
[PlyCount "90"]
[EventDate "2004.09.03"]

1. e4 Nc6 2. Nc3 e6 3. a3 Nce7 4. Nf3 Ng6 5. d4 a6 6. Bc4 d6 7. O-O Be7 8. b4
Nf6 9. h3 O-O 10. Be3 Nd7 11. Qd2 b5 12. Bb3 Nb6 13. d5 e5 14. Ng5 Bxg5 15.
Bxg5 f6 16. Be3 Bd7 17. Ne2 Qe8 18. Ng3 f5 19. Nxf5 Bxf5 20. exf5 Rxf5 21. f4
exf4 22. Bxf4 Nxf4 23. Rxf4 Rxf4 24. Qxf4 Qe7 25. Qd4 Rf8 26. Qd3 Re8 27. a4
bxa4 28. Bxa4 Nxa4 29. Rxa4 Qh4 30. Rxa6 Re1+ 31. Kh2 Qf4+ 32. Qg3 Rh1+ 33.
Kxh1 Qxg3 34. Rc6 Qe1+ 35. Kh2 Qxb4 36. Rxc7 Qf4+ 37. Kh1 Qd4 38. c4 Kf8 39.
Rc8+ Ke7 40. Rc7+ Kd8 41. Rc6 Kd7 42. Kh2 h5 43. Kg3 g6 44. Kf3 g5 45. g3 Qe5
0-1

[Event "VI Open"]
[Site "Crema ITA"]
[Date "2004.09.05"]
[Round "6"]
[White "Raffaldi, Fabrizio"]
[Black "Bignami, Venanzio"]
[Result "1-0"]
[WhiteElo "1736"]
[BlackElo "1532"]
[PlyCount "47"]
[EventDate "2004.09.03"]

1. e4 e5 2. Nf3 Nc6 3. Bc4 Bc5 4. b4 Bxb4 5. c3 Be7 6. d4 exd4 7. cxd4 d6 8.
Qb3 Be6 9. d5 Na5 10. Qa4+ c6 11. dxe6 b5 12. exf7+ Kf8 13. fxg8=Q+ Rxg8 14.
Bxb5 cxb5 15. Qxb5 Rb8 16. Qf5+ Bf6 17. Ng5 Ke8 18. Qe6+ Qe7 19. Qxg8+ Kd7 20.
Qxb8 Bxa1 21. Qxa7+ Ke8 22. Qxa5 Qb7 23. Nd2 d5 24. O-O 1-0

[Event "VI Open"]
[Site "Crema ITA"]
[Date "2004.09.05"]
[Round "6"]
[White "Riva, Carlo"]
[Black "Milan, Paolo"]
[Result "1-0"]
[WhiteElo "1676"]
[BlackElo "1757"]
[PlyCount "117"]
[EventDate "2004.09.03"]

1. e4 c5 2. Nf3 Nc6 3. d4 cxd4 4. Nxd4 e5 5. Nxc6 bxc6 6. c4 Nf6 7. Bd3 Be7 8.
O-O O-O 9. b3 d6 10. Bb2 Bg4 11. Qe1 Nh5 12. f3 Nf4 13. Bc2 Be6 14. Nc3 d5 15.
cxd5 Bc5+ 16. Kh1 cxd5 17. exd5 Qg5 18. Qg3 Qxg3 19. hxg3 Nxd5 20. Nxd5 Bxd5
21. Bxe5 Rae8 22. Rae1 Bb7 23. Bc3 Ba6 24. Rxe8 Rxe8 25. Re1 Rc8 26. Bf5 Rd8
27. Ba5 Bf2 28. Bxd8 Bxe1 29. g4 Bg3 30. Kg1 g6 31. Bc2 Bc8 32. Be7 f5 33. gxf5
gxf5 34. Bc5 a6 35. a4 Kf7 36. Bf2 Bd6 37. Kf1 a5 38. Bb6 Bb4 39. Ke2 h5 40.
Ke3 Kf6 41. Bc7 Kg5 42. Bd8+ Kh6 43. Kd4 Be1 44. Bd3 Bf2+ 45. Ke5 Be1 46. Bxf5
Bxf5 47. Kxf5 h4 48. Kg4 Kg6 49. Bxh4 Bb4 50. Bd8 Kf7 51. Kf5 Ke8 52. Bb6 Kf7
53. g4 Kg7 54. Ke6 Kg6 55. f4 Kg7 56. f5 Kf8 57. g5 Ke8 58. f6 Be7 59. Bxa5 1-0

[Event "VI Open"]
[Site "Crema ITA"]
[Date "2004.09.05"]
[Round "6"]
[White "Rizzi, Pietro"]
[Black "Boninsegna, Ferdinando"]
[Result "1/2-1/2"]
[WhiteElo "1450"]
[BlackElo "1571"]
[PlyCount "34"]
[EventDate "2004.09.03"]

1. e4 e6 2. d4 d5 3. Nd2 Nf6 4. e5 Nfd7 5. Bd3 c5 6. c3 Nc6 7. Ne2 Be7 8. Nf3
b6 9. O-O O-O 10. Bf4 Bb7 11. Qd2 f5 12. Ng5 Bxg5 13. Bxg5 Qe8 14. f4 h6 15.
Bh4 a6 16. Bc2 b5 17. Qd3 Qh5 1/2-1/2

[Event "VI Open"]
[Site "Crema ITA"]
[Date "2004.09.05"]
[Round "6"]
[White "Saccani, Ettore"]
[Black "Vecchia, Mario"]
[Result "1/2-1/2"]
[WhiteElo "1739"]
[BlackElo "2073"]
[PlyCount "73"]
[EventDate "2004.09.03"]

1. e4 d5 2. exd5 Nf6 3. Nf3 Nxd5 4. d4 Bg4 5. Bc4 e6 6. c3 Be7 7. O-O O-O 8.
Nbd2 Nc6 9. Qc2 Bf5 10. Ne4 Nf6 11. Bd3 Kh8 12. Nxf6 Bxd3 13. Qxd3 gxf6 14. Qb5
Rg8 15. Qh5 f5 16. Bf4 Qd5 17. g3 f6 18. Nh4 e5 19. Qxf5 Qd8 20. dxe5 fxe5 21.
Rad1 Bd6 22. Bxe5+ Nxe5 23. Kh1 Qf8 24. Qe4 b6 25. f4 Ng4 26. Nf5 Re8 27. Qd4+
Qf6 28. Qxf6+ Nxf6 29. Nxd6 cxd6 30. Rxd6 Ng4 31. Rd2 Re7 32. Rfd1 Rge8 33. h3
Nf6 34. Kg2 Re3 35. Kf2 R3e7 36. Kf3 Re3+ 37. Kf2 1/2-1/2

[Event "VI Open"]
[Site "Crema ITA"]
[Date "2004.09.05"]
[Round "6"]
[White "Santandrea, Marco"]
[Black "Murgia, Andrea"]
[Result "0-1"]
[WhiteElo "1775"]
[BlackElo "2107"]
[PlyCount "93"]
[EventDate "2004.09.03"]

1. e4 e5 2. f4 exf4 3. Nf3 g5 4. h4 g4 5. Ne5 d6 6. Nxg4 Be7 7. Bc4 Bxg4 8.
Qxg4 Nf6 9. Qxf4 Rg8 10. g3 Rg4 11. Qf3 Rxe4+ 12. Be2 Nc6 13. Nc3 Re5 14. O-O
Nd4 15. Qd3 c5 16. Bf3 d5 17. Ne2 Nxe2+ 18. Bxe2 c4 19. Qf3 Qb6+ 20. Kh2 Qe6
21. Bd1 h5 22. d3 Ng4+ 23. Kh1 O-O-O 24. d4 Re1 25. c3 Qe4 26. Qxe4 Rxe4 27.
Bxg4+ Rxg4 28. Bf4 Rdg8 29. Rg1 Kd7 30. Rae1 f6 31. Ref1 b5 32. Re1 Bd6 33.
Bxd6 Kxd6 34. Kh2 f5 35. Ref1 Ke6 36. Rf4 Rxf4 37. gxf4 Rg4 38. Re1+ Kd6 39.
Re5 Rxf4 40. Kg3 Rf1 41. a3 a5 42. Kg2 Rb1 43. Re2 Kc6 44. Kf3 b4 45. axb4 axb4
46. Kf4 Rc1 47. b3 0-1

[Event "VI Open"]
[Site "Crema ITA"]
[Date "2004.09.05"]
[Round "6"]
[White "Sartorio, Diego"]
[Black "Cammarota, Vittorio"]
[Result "1/2-1/2"]
[WhiteElo "1959"]
[BlackElo "1625"]
[PlyCount "61"]
[EventDate "2004.09.03"]

1. e4 e6 2. d4 d5 3. Nd2 dxe4 4. Nxe4 Nd7 5. Nf3 Ngf6 6. Nxf6+ Nxf6 7. Bg5 h6
8. Bh4 c5 9. dxc5 Qa5+ 10. c3 Qxc5 11. Bxf6 gxf6 12. Qd4 Qxd4 13. Nxd4 Bd7 14.
Bb5 O-O-O 15. Ke2 Bc5 16. Bxd7+ Rxd7 17. Nb3 Bb6 18. Rad1 Rhd8 19. Rxd7 Rxd7
20. f3 f5 21. Rd1 e5 22. Rxd7 Kxd7 23. Nd2 Ke6 24. Kd3 Bg1 25. h3 b5 26. c4 a6
27. b3 f4 28. Ne4 f5 29. Nc3 bxc4+ 30. bxc4 Kd6 31. Nd5 1/2-1/2

[Event "VI Open"]
[Site "Crema ITA"]
[Date "2004.09.05"]
[Round "6"]
[White "Vetturi, Pietro"]
[Black "Agnelli, Francesco"]
[Result "1-0"]
[WhiteElo "1691"]
[BlackElo "2097"]
[PlyCount "65"]
[EventDate "2004.09.03"]

1. d4 Nf6 2. c4 g6 3. Nc3 Bg7 4. e4 d6 5. Nf3 O-O 6. Be2 e5 7. O-O Nc6 8. d5
Ne7 9. Nd2 Ne8 10. b4 f5 11. f3 f4 12. Rb1 g5 13. Bb2 Ng6 14. c5 Rf7 15. a4 Bf8
16. Nb3 h5 17. c6 b6 18. a5 Nf6 19. axb6 axb6 20. Ra1 Rxa1 21. Qxa1 g4 22. Nb5
Rg7 23. Qa8 Nh4 24. Rf2 g3 25. hxg3 fxg3 26. Rf1 Ng6 27. Na7 Ng4 28. fxg4 Qh4
29. Rxf8+ Nxf8 30. Bf3 hxg4 31. Qxc8 Qh2+ 32. Kf1 Rf7 33. Qxg4+ 1-0